Hindī sāhitya kā ka kha ga. (Record no. 78042)

MARC details
000 -LEADER
fixed length control field 00626cam a22002171 4500
001 - CONTROL NUMBER
control field sa 68001560
003 - CONTROL NUMBER IDENTIFIER
control field DLC
005 - DATE AND TIME OF LATEST TRANSACTION
control field 20260227112434.0
008 - FIXED-LENGTH DATA ELEMENTS--GENERAL INFORMATION
fixed length control field 881102s1966 ii 000 0 hino
010 ## - LIBRARY OF CONGRESS CONTROL NUMBER
LC control number sa 68001560
035 ## - SYSTEM CONTROL NUMBER
System control number (OCoLC)23541493
040 ## - CATALOGING SOURCE
Original cataloging agency DLC
Transcribing agency MiU
Modifying agency NRU
-- DLC
042 ## - AUTHENTICATION CODE
Authentication code premarc
050 00 - LIBRARY OF CONGRESS CALL NUMBER
Classification number PK2031
Item number .P3
100 1# - MAIN ENTRY--PERSONAL NAME
Personal name Pandey, Sudhakar,
Dates associated with a name 1927-
245 10 - TITLE STATEMENT
Title Hindī sāhitya kā ka kha ga.
Statement of responsibility, etc. [Lekhaka] Sudhākara Paṇdeya.
260 ## - PUBLICATION, DISTRIBUTION, ETC.
Place of publication, distribution, etc. [Dillī]
Name of publisher, distributor, etc. Rādhākr̥shṇa Prakāśana
Date of publication, distribution, etc. [c1966]
300 ## - PHYSICAL DESCRIPTION
Extent 196 p.
Dimensions 19 cm.
500 ## - GENERAL NOTE
General note In Hindi.
650 #0 - SUBJECT ADDED ENTRY--TOPICAL TERM
Topical term or geographic name entry element Hindi literature
General subdivision History and criticism.

No items available.

Powered by Koha